Normal view
MARC view
- باوند، روسكو؛ ترجمة دباغ ، صلاح؛ مراجعة ، مسلم أحمد
Entry Personal Name
001 - CONTROL NUMBER
- control field: 37300
003 - CONTROL NUMBER IDENTIFIER
- control field: JO-AjAnu
005 - DATE AND TIME OF LATEST TRANSACTION
- control field: 20230606080224.0
008 - FIXED-LENGTH DATA ELEMENTS
- fixed length control field: 230606|| aca||aabn | a|a d
040 ## - CATALOGING SOURCE
- Original cataloging agency: JO-AjAnu
- Transcribing agency: JO-AjAnu
100 ## - HEADING--PERSONAL NAME
- Personal name: باوند، روسكو؛ ترجمة دباغ ، صلاح؛ مراجعة ، مسلم أحمد
670 ## - SOURCE DATA FOUND
- Source citation: Work cat.: (JO-AjAnu)19141: باوند، روسكو؛ ترجمة دباغ ، صلاح؛ مراجعة ، مسلم أحمد , author, مدخل الى فلسفة القانون